| 000 | 004250000a22001810004500 | ||
|---|---|---|---|
| 003 | MACL | ||
| 005 | 20150911151654.0 | ||
| 008 | 150911b xxu||||| |||| 00| 0 eng d | ||
| 040 |
_aMACL _cMACL |
||
| 041 | _aEnglish | ||
| 082 | _a822/KAM | ||
| 100 |
_aKambar, Chandrasekhar _910197 |
||
| 245 | _aSiri Sampige | ||
| 260 |
_bSeagull Books _c1991 _aCalcutta |
||
| 350 | _aDrama | ||
| 650 |
_a822 _910198 |
||
| 942 |
_cBK _k822 _2ddc |
||
| 999 |
_c4486 _d4486 |
||